000 00423nam a2200181Ia 4500
001 21025
005 20260306172849.0
008 260306t2005||||xx |||||||||||||| ||spa||
041 _aESP
082 _a344
_bC22
100 _aCalderón Sumarriva, Ana
_eAUT
245 0 _aEl abc del derecho penal
260 _c2005
300 _a99 páginas :
_c24 cm.
650 _aGEN
654 _aCDE
942 _cLIB
_dJUS
_fJUS
_2ddc
_n
999 _c21025
_d21025